Los retablos de Pablo de santo Leocadio en Villareal de los Infantes / (Record no. 57220)

MARC details
000 -LEADER
campo de control de longitud fija 00618nam a2200193 i 4500
001 - NÚMERO DE CONTROL
campo de control 57220
003 - IDENTIFICADOR DE NÚMERO DE CONTROL
campo de control ES-MaACL
005 - FECHA Y HORA DE LA ÚLTIMA TRANSACCIÓN
campo de control 20230906163533.0
007 - CAMPO FIJO DE DESCRIPCIÓN FÍSICA--INFORMACIÓN GENERAL
campo de control de longitud fija t|
008 - DATOS DE LONGITUD FIJA--INFORMACIÓN GENERAL
campo de control de longitud fija 031015s1958 sp ||||1| spa d
100 1# - ENTRADA PRINCIPAL--NOMBRE DE PERSONA
Nombre de persona Doñate Sebastiá, José María.
9 (RLIN) 45358
245 14 - MENCIÓN DEL TÍTULO
Título Los retablos de Pablo de santo Leocadio en Villareal de los Infantes /
Mención de responsabilidad, etc. José Mª Doñate Sebastiá.
260 ## - PUBLICACIÓN, DISTRIBUCIÓN, ETC.
Lugar de publicación, distribución, etc. Castellón de la Plana :
Nombre del editor, distribuidor, etc. [s.n.,
Fecha de publicación, distribución, etc. 1958] (
Fabricante Armengot)
300 ## - DESCRIPCIÓN FÍSICA
Extensión 55 p., 26 lám. ;
Dimensiones 23 cm.
490 1# - MENCIÓN DE SERIE
Mención de serie Arte ;
Designación de volumen o secuencia 7
830 0# - PUNTO DE ACCESO ADICIONAL DE SERIE-TÍTULO UNIFORME
Título uniforme Arte ;
Designación de volumen o secuencia 7
9 (RLIN) 178358
852 ## - LOCALIZACIÓN
Ubicación ES-MaACL
Número de control de estantería 2009-F-20
Sublocalización o colección R.43543
Holdings
Estatus retirado Estado de pérdida Estado de daño No para préstamo Colección Biblioteca de origen Biblioteca actual Ubicación en estantería Fecha de adquisición Fuente de adquisición Total de préstamos Signatura topográfica completa Código de barras Visto por última vez Precio de reemplazo Tipo de ítem Koha
        Colección de folletos Biblioteca del Ateneo de Madrid Biblioteca del Ateneo de Madrid Depósito folletos 17/01/2008     2009-F-20 1060078 23/02/2023 23/02/2023 Folleto